000 00274nam a2200121Ia 4500
008 190216s9999||||xx |||||||||||||| ||und||
100 _aGupta S.P
245 0 _aStatistical Methods
260 _bPentice Hall Of India
300 _axxviiip
650 _aCommerce
942 _cBK
999 _c4141
_d4141